<The> food market in the CR and its regulation within the framework of the EU agricultural policy
Závislosť farmárov od produkcie výrobných surovín. Maloobchodné raťazce a spotrebiteľ. Regulácia potravinového trhu domácimi aj európskymi orgánmi. Charakteristika regulátorov a hodnotenie ich činnosti v procesoch úpravy odberateľsko-dodávacích vzťahov. Úloha inšpekcie a dohľadu nad kvalitou a bezpe...
Gespeichert in:
| 1. Verfasser: | |
|---|---|
| Format: | Buchkapitel |
| Sprache: | Englisch |
| Schlagworte: | |
| Tags: |
Keine Tags, Fügen Sie das erste Tag hinzu!
|
MARC
| LEADER | 00000naa a2200000 4500 | ||
|---|---|---|---|
| 001 | 0192194 | ||
| 005 | 20231211071353.4 | ||
| 041 | 0 | |a eng | |
| 044 | |a CZ | ||
| 245 | 1 | 0 | |a <The> food market in the CR and its regulation within the framework of the EU agricultural policy |c Milan Vošta |
| 520 | |a Závislosť farmárov od produkcie výrobných surovín. Maloobchodné raťazce a spotrebiteľ. Regulácia potravinového trhu domácimi aj európskymi orgánmi. Charakteristika regulátorov a hodnotenie ich činnosti v procesoch úpravy odberateľsko-dodávacích vzťahov. Úloha inšpekcie a dohľadu nad kvalitou a bezpečnosťou potravín v ČR. | ||
| 610 | 2 | 0 | |a politika poľnohospodárska |
| 610 | 2 | 0 | |a regulácia trhu |
| 610 | 2 | 0 | |a Európska únia |
| 610 | 2 | 0 | |a Česko |
| 610 | 2 | 0 | |a bezpečnosť potravinová |
| 610 | 2 | 0 | |a dozor potravinový |
| 610 | 2 | 0 | |a priemysel potravinársky |
| 610 | 2 | 0 | |a trh potravinový |
| 610 | 2 | 0 | |a inšpekcia štátna |
| 610 | 2 | 0 | |a riadenie reťazcov dodávateľských |
| 610 | 2 | 0 | |a reťazce dodávateľsko-odberateľské |
| 100 | 1 | |a Vošta, Milan | |